[Event "Vladimir Dvorkovich Mem 2014"]
[Site "Taganrog RUS"]
[Date "2014.01.21"]
[Round "4.8"]
[White "Musalov,R"]
[Black "Korobov,A"]
[Result "0-1"]
[WhiteElo "2365"]
[BlackElo "2723"]

1.c4 c5 2.Nc3 Nc6 3.g3 g6 4.a3 Bg7 5.Bg2 d6 6.d3 e6 7.h4 h6 8.Bd2 Nge7 9.Nf3 b6
10.b4 Bb7 11.Rb1 Qd7 12.Nb5 Nd4 13.Nbxd4 cxd4 14.O-O O-O 15.e3 dxe3 16.Bxe3 Nf5
17.Bc1 e5 18.Bb2 Rfe8 19.Re1 Rad8 20.Qb3 Qc8 21.Re2 Qa8 22.Ne1 d5 23.cxd5 Bxd5
24.Bxd5 Rxd5 25.Rc1 Rd7 26.Rec2 Qd8 27.Qa4 Rde7 28.Qc6 h5 29.Qc8 Qd6 30.Qc6 Bh6
31.Qxd6 Nxd6 32.Rd1 Nf5 33.Nf3 f6 34.Rc6 Kf7 35.Ne1 Re6 36.Rc7+ R8e7 37.Rxe7+ Rxe7
38.Kf1 Rc7 39.Ke2 Nd6 40.a4 Ke6 41.Ra1 a6 42.Ra3 Kd5 43.Rc3 Rxc3 44.Bxc3 b5
45.a5 Nf5 46.Nc2 Ne7 47.Bd2 Bf8 48.Ne3+ Ke6 49.Nc2 Nc6 50.f3 f5 51.Kf2 Be7
52.Kg2 f4 53.Kh3 fxg3 54.Kxg3 Bd6 55.Kg2 Ne7 56.Be1 Nd5 57.d4 Nf4+ 58.Kf1 exd4
59.Nxd4+ Kd5 60.Nc2 Nd3 61.Bd2 Kc4 62.Na3+ Kb3 63.Nxb5 axb5 64.a6 Bb8 65.Be3 Kxb4
66.a7 Bxa7 67.Bxa7 Kc3 68.Ke2 Nf4+ 69.Ke3 Ng2+ 70.Ke4 Nxh4 71.Bf2 Nf5 72.Kf4 b4
73.Be1+ Kc4  0-1

[Event "Vladimir Dvorkovich Mem 2014"]
[Site "Taganrog RUS"]
[Date "2014.01.22"]
[Round "5.4"]
[White "Korobov,A"]
[Black "Grigoriants,S RUS"]
[Result "1/2-1/2"]
[WhiteElo "2723"]
[BlackElo "2581"]

1.c4 Nf6 2.Nc3 e5 3.g3 Bb4 4.Nf3 Bxc3 5.bxc3 d6 6.Bg2 O-O 7.O-O Re8 8.Ne1 a6
9.Rb1 Nbd7 10.Nc2 h6 11.d3 e4 12.Ne3 Rb8 13.d4 Nb6 14.f3 exf3 15.exf3 d5
16.c5 Nc4 17.Re1 b5 18.g4 c6 19.Nc2 a5 20.Rxe8+ Nxe8 21.Qe1 Rb7 22.Bf1 f5
23.h3 fxg4 24.hxg4 Rf7 25.Bg2 Rf8 26.Ne3 Nf6 27.g5 hxg5 28.Nxc4 dxc4 29.Bxg5 Qd7
30.Bxf6 Rxf6 31.Rb2 Re6 32.Qd2 Qe7 33.Kf1 Re3 34.Kf2 Rd3 35.Qf4 Qf6 36.Qb8 Qh4+
37.Kg1 Qe1+ 38.Bf1 Rxf3 39.Qxc8+ Kf7 40.Qd7+ Kg8 41.Qc8+ Kf7  1/2-1/2

[Event "Vladimir Dvorkovich Mem 2014"]
[Site "Taganrog RUS"]
[Date "2014.01.23"]
[Round "6.4"]
[White "Belous,V"]
[Black "Korobov,A"]
[Result "0-1"]
[WhiteElo "2569"]
[BlackElo "2723"]

1.d4 d5 2.c4 e6 3.Nf3 Nf6 4.e3 c5 5.cxd5 exd5 6.Bb5+ Nc6 7.O-O cxd4 8.Nxd4 Bd7
9.Nc3 Bd6 10.Nf3 a6 11.Be2 Be6 12.b3 O-O 13.Bb2 Qe7 14.Rc1 Rad8 15.Na4 Bg4
16.h3 Bh5 17.Nh4 Bg6 18.Nxg6 hxg6 19.Bxa6 Nb4 20.Be2 Nxa2 21.Rb1 Nb4 22.Nc3 Be5
23.Nb5 Bxb2 24.Rxb2 Ne4 25.Rb1 Nc6 26.Qc2 f5 27.Rbc1 Kh7 28.Qb2 f4 29.exf4 Rxf4
30.Bd3 Ne5 31.Bxe4 dxe4 32.Rc7 Qg5 33.Kh1 e3 34.Nc3 Rd2 35.Qa1 Rfxf2 36.Rxf2 Rxf2
37.Qg1 Qf5  0-1

[Event "Vladimir Dvorkovich Mem 2014"]
[Site "Taganrog RUS"]
[Date "2014.01.25"]
[Round "8.3"]
[White "Maletin,P"]
[Black "Korobov,A"]
[Result "0-1"]
[WhiteElo "2598"]
[BlackElo "2723"]

1.c4 f5 2.g3 Nf6 3.Bg2 g6 4.Nc3 Bg7 5.e3 e5 6.Nge2 O-O 7.O-O c6 8.d3 a5 9.b3 Na6
10.Ba3 d6 11.Qd2 Be6 12.Rad1 Bf7 13.e4 Nb4 14.d4 Qc7 15.Bb2 Rad8 16.a3 Na6
17.Qc2 exd4 18.Nxd4 fxe4 19.Nxe4 Nxe4 20.Bxe4 Nc5 21.Bg2 Qb6 22.Bc3 d5 23.cxd5 cxd5
24.Bxa5 Qxa5 25.b4 Qxa3 26.Qxc5 Rc8 27.Qe7 Qa6 28.Bh3 Rfe8 29.Qd7 Qb6 30.Nf3 Rcd8
31.Qg4 Re4 32.Qg5 h6 33.Qd2 Rxb4 34.Ne1 Rb2 35.Qf4 g5 36.Qf3 h5 37.Bf5 g4
38.Bh7+ Kf8 39.Qa3+ Qd6 40.Qa5 Qb6 41.Qa3+ Qd6 42.Qa5 b6 43.Qa6 Rb3 44.Nd3 Ra3
45.Qb5 Be8 46.Qb4 Qxb4 47.Nxb4 Bf7 48.Nd3 Rd6 49.h3 gxh3 50.Bf5 Bc3 51.Bxh3 b5
52.Nf4 b4 53.Rd3 d4 54.Rf3 Ke7 55.Bf5 b3  0-1

[Event "Vladimir Dvorkovich Mem 2014"]
[Site "Taganrog RUS"]
[Date "2014.01.26"]
[Round "9.2"]
[White "Korobov,A"]
[Black "Sjugirov,S"]
[Result "1/2-1/2"]
[WhiteElo "2723"]
[BlackElo "2651"]

1.d4 Nf6 2.c4 e6 3.Nc3 Bb4 4.e3 O-O 5.Ne2 d5 6.cxd5 exd5 7.g3 Re8 8.Bg2 c6
9.O-O Bd6 10.Qc2 Na6 11.a3 Nc7 12.Bd2 a5 13.Rad1 h6 14.Kh1 Ne6 15.Bc1 b5
16.e4 b4 17.exd5 Nc7 18.dxc6 bxc3 19.Nxc3 Bg4 20.Rd2 Qc8 21.d5 Bh3 22.Rdd1 Bxg2+
23.Kxg2 Re5 24.f4 Rxd5 25.Nxd5 Ncxd5 26.Rxd5 Nxd5 27.Rd1 Nxf4+ 28.Bxf4 Bxf4
29.gxf4 Qg4+ 30.Kh1 Qf3+ 31.Kg1 Qg4+ 32.Kh1 Qf3+ 33.Kg1 Qg4+ 34.Kh1  1/2-1/2

[Event "15th ch-EUR Indiv 2014"]
[Site "Yerevan ARM"]
[Date "2014.03.07"]
[Round "5.29"]
[White "Anton Guijarro,D"]
[Black "Korobov,A"]
[Result "1-0"]
[WhiteElo "2559"]
[BlackElo "2719"]

1.e4 c5 2.Nf3 Nc6 3.Bb5 d6 4.O-O Bg4 5.h3 Bh5 6.Re1 e6 7.g4 Bg6 8.d4 cxd4
9.Nxd4 Ne7 10.c4 h5 11.Nc3 hxg4 12.hxg4 Qc7 13.Bf4 O-O-O 14.Nb3 Ne5 15.Rc1 N7c6
16.Nd5 exd5 17.cxd5 Qe7 18.Bg3 Qg5 19.Bf1 Qxg4 20.Qxg4+ Nxg4 21.dxc6 Ne5
22.Bxe5 dxe5 23.Na5 bxc6 24.Nxc6 Rd6 25.Nxe5+ Kb7 26.Bc4 Rh5 27.Bd5+ Ka6
28.f4 Rb6 29.Nd7 Rxb2 30.Nxf8 Rhh2 31.e5 Bh5 32.Nd7 Rh3 33.Nc5+ Kb5 34.Ne4 Bf3
35.Nd6+ Ka4 36.Bb3+  1-0

[Event "TCh-CZE Extraliga 2013-14"]
[Site "Frydek-Mistek CZE"]
[Date "2014.03.21"]
[Round "9.1"]
[White "Korobov,A"]
[Black "Simacek,P"]
[Result "1-0"]
[WhiteElo "2713"]
[BlackElo "2485"]

1.d4 Nf6 2.c4 c5 3.d5 e6 4.Nc3 exd5 5.cxd5 d6 6.Nf3 g6 7.Nd2 Nbd7 8.e4 Bg7
9.Be2 O-O 10.O-O Re8 11.a4 Ne5 12.Re1 g5 13.Nf1 h6 14.Ng3 a6 15.Rb1 Ng6 16.Be3 Qa5
17.h3 Bd7 18.Bd2 Qc7 19.b4 b6 20.Qb3 Reb8 21.b5 a5 22.Nd1 Re8 23.Bf1 g4 24.Nb2 h5
25.hxg4 Nxg4 26.Be2 Bd4 27.Bxg4 Bxg4 28.Bc3 Bxc3 29.Qxc3 Qd8 30.Nc4 Ne5 31.Nxe5 Rxe5
32.f3 h4 33.Nf1 Bd7 34.f4 Re8 35.Nd2 Bg4 36.Nc4 Kh7 37.Rb2 Rg8 38.Rf2 Rg6
39.Re3 Rh6 40.Kh2 Rb8 41.Qd3 Kh8 42.e5 dxe5 43.fxe5 Kg8 44.Qe4 Bh5 45.Qf4  1-0

[Event "TCh-CZE Extraliga 2013-14"]
[Site "Frydek-Mistek CZE"]
[Date "2014.03.22"]
[Round "10.1"]
[White "Miton,K"]
[Black "Korobov,A"]
[Result "1/2-1/2"]
[WhiteElo "2597"]
[BlackElo "2713"]

1.d4 d5 2.c4 c6 3.e3 Nf6 4.Nc3 Bf5 5.Nf3 e6 6.Bd3 Bg6 7.Bxg6 hxg6 8.Qd3 Nbd7
9.e4 dxe4 10.Nxe4 Nxe4 11.Qxe4 Bb4+ 12.Ke2 Nf6 13.Qc2 Bd6 14.h3 Qc7 15.Rd1 O-O
16.Be3 c5 17.b3 cxd4 18.Bxd4 e5 19.Be3 e4 20.Nd4 a6 21.Kf1 Bf4 22.Bxf4 Qxf4
23.Kg1 Rfe8 24.Qd2 Qh4 25.Qe3 Nh5 26.Ne2 f5 27.Rd5 f4 28.Rxh5 Qf6 29.Qc1 gxh5
30.Nxf4 Rf8 31.Nxh5 Qxf2+ 32.Kh2 Qf5 33.Ng3 Qe5 34.c5 Kh8 35.Qe1 Rad8 36.Rc1 e3
37.Qb4 Rd2 38.Qxb7 Rff2 39.Qa8+ Kh7 40.Re1 e2 41.Qb7 Rd3 42.Qe4+ Qxe4 43.Nxe4 Rd1
44.Kg3 Rxg2+ 45.Kxg2 Rxe1 46.Kf2 Rh1 47.Kxe2 Kg6 48.Nd6 Rc1 49.Nc4 Kf6 50.c6 Ke7
51.Kd3 Rd1+ 52.Kc2 Re1 53.b4 Re6 54.Na5 Kd6 55.a4 Kc7 56.b5 axb5 57.axb5 Kb6
58.Nb3 Rd6 59.Kc3 Kxb5 60.Nd4+ Kb6 61.Kd3 Rh6 62.Ke4 Rxh3 63.Ne6 g6 64.c7 Kb7
65.Kf4 Rh5 66.Kg4 Rh1 67.Kg5 Rg1+ 68.Kf6 Kc8 69.Ng5 Kxc7 70.Kxg6 Kd6 71.Kf5 Kd5
72.Kf4 Rg4+ 73.Kxg4  1/2-1/2

[Event "TCh-CZE Extraliga 2013-14"]
[Site "Frydek-Mistek CZE"]
[Date "2014.03.23"]
[Round "11.1"]
[White "Korobov,A"]
[Black "Bobras,P"]
[Result "1/2-1/2"]
[WhiteElo "2713"]
[BlackElo "2518"]

1.c4 e5 2.Nc3 Nf6 3.Nf3 Nc6 4.g3 d5 5.cxd5 Nxd5 6.d3 Be7 7.Bg2 Be6 8.O-O O-O
9.a3 Qd7 10.Bd2 f6 11.Rc1 Nxc3 12.Bxc3 Nd4 13.b4 a5 14.bxa5 Bxa3 15.Rb1 Nb5
16.Bxe5 Rxa5 17.Ba1 c5 18.Nd2 Bb4 19.Nb3 Ra3 20.d4 b6 21.dxc5 bxc5 22.Qxd7 Bxd7
23.Rfd1 Ra7 24.Rbc1 Rc8 25.Bd5+ Kf8 26.e4 Ke7 27.e5 Be6 28.exf6+ gxf6 29.Bxe6 Kxe6
30.Rc4 Kf7 31.Rh4 Kg6 32.Rg4+ Kf7 33.Rh4 Kg6 34.Rg4+ Kf7 35.Rh4  1/2-1/2

[Event "16th Dubai Open 2014"]
[Site "Dubai UAE"]
[Date "2014.04.09"]
[Round "3.1"]
[White "Brkic,A"]
[Black "Korobov,A"]
[Result "1/2-1/2"]
[WhiteElo "2568"]
[BlackElo "2698"]

1.e4 e5 2.Nf3 Nc6 3.Nc3 Nf6 4.d4 exd4 5.Nxd4 Bb4 6.Nxc6 bxc6 7.Bd3 O-O 8.O-O d5
9.exd5 cxd5 10.h3 h6 11.Qf3 Re8 12.Bf4 c6 13.Rad1 a5 14.a3 Bd6 15.Rfe1 Rxe1+
16.Rxe1 Be6 17.Ne2 c5 18.Bxd6 Qxd6 19.Nf4 Rb8 20.b3 Bd7 21.Qg3 Rb6 22.Rd1 Qe7
23.a4 Rb4 24.c4 d4 25.Nd5 Nxd5 26.cxd5 Qg5 27.Qc7 Bxh3 28.Bf1 Bf5 29.d6 d3
30.Qxc5 Rh4 31.d7 Bxd7 32.Qxg5 hxg5 33.Rxd3 Be6 34.Rc3 Rb4 35.Bc4  1/2-1/2

[Event "16th Dubai Open 2014"]
[Site "Dubai UAE"]
[Date "2014.04.10"]
[Round "4.4"]
[White "Korobov,A"]
[Black "Ghaem Maghami,E"]
[Result "1/2-1/2"]
[WhiteElo "2698"]
[BlackElo "2556"]

1.d4 Nf6 2.c4 e6 3.Nc3 Bb4 4.f3 c5 5.d5 O-O 6.e4 Re8 7.a3 Bxc3+ 8.bxc3 d6
9.Ne2 Qa5 10.Bd2 Nbd7 11.Ng3 Nb6 12.Be2 Qa4 13.Qxa4 Nxa4 14.Rb1 h6 15.O-O Rb8
16.Bd3 Bd7 17.h3 a6 18.dxe6 fxe6 19.Bf4 Nxc3 20.Rb6 e5 21.Bd2 Na4 22.Rxd6 Re6
23.Nf5 Rxd6 24.Nxd6 Ne8 25.Nxe8 Bxe8 26.Bc2 Nb2 27.Be3 Nxc4 28.Bb3 Bf7 29.Bxc4 Bxc4
30.Rc1 b5 31.Bxc5 Rd8 32.a4 Rc8 33.Bd6 bxa4 34.Bxe5 a3 35.Kf2 a2 36.f4 h5
37.Ke3 g6 38.Rd1 a5 39.g4 hxg4 40.hxg4 Re8 41.Rh1 Bb3 42.Ba1 Bc2 43.e5 Kf7
44.Rc1 Bb1 45.Rc5 a4 46.Rc4 Ra8 47.Rc6 Rd8 48.Rc4 Rd3+ 49.Kf2 Rd2+ 50.Kg3 Bc2
51.Kh4 Rg2 52.Rc6 Ke7 53.Bd4 Be4 54.Ra6 Bf3 55.Rxg6 Rd2 56.Bc3 Rd3 57.Ba1 Rd1
58.Bc3  1/2-1/2

[Event "16th Dubai Open 2014"]
[Site "Dubai UAE"]
[Date "2014.04.12"]
[Round "5.5"]
[White "Mastrovasilis,A"]
[Black "Korobov,A"]
[Result "0-1"]
[WhiteElo "2535"]
[BlackElo "2698"]

1.d4 Nf6 2.c4 e6 3.Nc3 Bb4 4.e3 O-O 5.Bd3 d5 6.Nf3 c5 7.O-O Nc6 8.cxd5 exd5
9.dxc5 Bxc5 10.h3 Qe7 11.b3 Rd8 12.Bb2 Ne4 13.Ne2 Bf5 14.Ned4 Nxd4 15.Nxd4 Bg6
16.Qg4 h5 17.Qe2 a6 18.Rad1 Re8 19.Qf3 Qe5 20.h4 Be7 21.g3 Bf6 22.Ba1 Qc7
23.Bxe4 dxe4 24.Qg2 Rad8 25.Ne2 Bxa1 26.Rxa1 Bf5 27.Nd4 Bg4 28.Rfc1 Qe5 29.Rc4 b5
30.Rc2 Rxd4 31.exd4 Qxd4 32.Re1 Re6 33.Qf1 f5 34.Re3 f4 35.gxf4 Bf3 36.f5 Rf6
37.Rc1 Rxf5 38.Qh3 Rf4 39.Kf1 Qf6 40.Rcc3 b4 41.Rxf3 exf3 42.Re3 Kh7 43.Qg3 Qa1+
44.Re1 Qd4 45.Qh3 Qd3+ 46.Kg1 Rg4+ 47.Kh1 Qf5 48.Qh2 Rg2  0-1

[Event "16th Dubai Open 2014"]
[Site "Dubai UAE"]
[Date "2014.04.12"]
[Round "6.2"]
[White "Korobov,A"]
[Black "Iordachescu,V"]
[Result "1/2-1/2"]
[WhiteElo "2698"]
[BlackElo "2601"]

1.Nf3 Nf6 2.c4 g6 3.Nc3 Bg7 4.e4 d6 5.d4 O-O 6.Be2 Nbd7 7.O-O e5 8.Re1 Re8
9.Bf1 a6 10.h3 exd4 11.Nxd4 Nc5 12.Qc2 Bd7 13.Nb3 b6 14.Bg5 h6 15.Bh4 Na4
16.Nxa4 Bxa4 17.f3 Qe7 18.Qd2 Bxb3 19.axb3 Qe5 20.Bf2 Nh5 21.Ra2 a5 22.Rd1 Ng3
23.Bd3 Nh5 24.g3 g5 25.Kg2 Qe6 26.Be2 Rad8 27.b4 axb4 28.Qxb4 Ra8 29.Rda1 Rxa2
30.Rxa2 Nf6 31.Qb5 Nd7 32.Ra7 Rc8 33.b4 Ne5 34.Qd5 Qe8 35.b5 Ng6 36.Be3 Ne7
37.Qd3 Ng6 38.f4 gxf4 39.gxf4 Qe7 40.Bg4 Re8 41.Kf2 h5 42.Bf5 Nh4 43.Qd5 Bh6
44.Ra8 Rxa8 45.Qxa8+ Bf8 46.Qd5 Qf6 47.Bd4 Qh6 48.Kg3 Ng6 49.Be3 Qg7 50.Qd4 Be7
51.Qxg7+ Kxg7 52.Bd7 Bf6 53.Kf3 Kf8 54.Ke2 Bg7 55.Bf5 Ne7 56.Bd7 Ng6 57.Kf3 Bc3
58.Bf2 Ke7 59.Bf5 Kf6 60.Bxg6 fxg6 61.Bh4+ Ke6 62.Ke2 Bb4 63.Kd3 Bc5 64.Bd8 Kd7
65.Bf6 Ke6 66.Bd4 Bb4 67.Bc3 Bc5 68.Ke2 Ba3 69.Kf3 Bc5 70.Kg3 Be3 71.Bg7 Bd2
72.Bh6 Be1+ 73.Kf3 Bc3  1/2-1/2

[Event "16th Dubai Open 2014"]
[Site "Dubai UAE"]
[Date "2014.04.13"]
[Round "7.3"]
[White "Stevic,H"]
[Black "Korobov,A"]
[Result "1/2-1/2"]
[WhiteElo "2607"]
[BlackElo "2698"]

1.e4 g6 2.d4 Bg7 3.Nc3 d6 4.Nf3 Nf6 5.Be2 O-O 6.O-O c6 7.h3 Nbd7 8.a4 e5
9.dxe5 dxe5 10.Qd6 Re8 11.Rd1 Bf8 12.Qd3 a5 13.Bg5 Qb6 14.Nd2 Nc5 15.Qf3 Nh5
16.Nc4 Qc7 17.Qe3 Nf4 18.Bxf4 exf4 19.Qd4 Be6 20.Nd6 Bxd6 21.Qxd6 Qxd6 22.Rxd6 Rad8
23.Rxd8 Rxd8 24.Rd1 Re8 25.Rd4 Kg7 26.Bg4 Kf6 27.Bxe6 Kxe6 28.f3 Ke5 29.Rd1 f5
30.exf5 Kxf5 31.Kf2 Re7 32.b3 Rd7 33.Rxd7 Nxd7 34.Ke2 Nc5 35.Kd2 Ke5 36.Ne2 Ne6
37.Kc3 b5 38.Nc1 g5 39.Nd3+ Kd6 40.axb5 cxb5 41.Nf2 h5 42.Ne4+ Ke5 43.Kd3 a4
44.bxa4 bxa4 45.Kc4 g4 46.hxg4 hxg4 47.Nf2 g3 48.Nd3+ Kd6 49.Kb4 Kd5 50.Kxa4 Kc4
51.Ne5+ Kd4 52.Ng6 Kc3 53.Kb5 Nd4+ 54.Kc5  1/2-1/2

[Event "16th Dubai Open 2014"]
[Site "Dubai UAE"]
[Date "2014.04.14"]
[Round "8.3"]
[White "Korobov,A"]
[Black "Bachmann,Ax"]
[Result "1-0"]
[WhiteElo "2698"]
[BlackElo "2598"]

1.d4 Nf6 2.c4 e6 3.Nc3 Bb4 4.Qc2 O-O 5.Nf3 d5 6.a3 Bxc3+ 7.Qxc3 dxc4 8.Qxc4 b6
9.Bg5 Ba6 10.Qc2 c5 11.dxc5 bxc5 12.e4 Bxf1 13.Kxf1 Qb6 14.Bxf6 gxf6 15.h4 Nd7
16.Rh3 Kh8 17.h5 Rg8 18.Rd1 Rad8 19.Kg1 Qc7 20.h6 Qf4 21.Qd3 Qb8 22.Qc3 Rg4
23.g3 Kg8 24.Rh5 Rg6 25.Nh4 Rg4 26.Nf3 Rg6 27.Kg2 Qa8 28.Qa5 e5 29.Qc7  1-0

[Event "16th Dubai Open 2014"]
[Site "Dubai UAE"]
[Date "2014.04.15"]
[Round "9.1"]
[White "Korobov,A"]
[Black "Edouard,R"]
[Result "0-1"]
[WhiteElo "2698"]
[BlackElo "2670"]

1.d4 d5 2.Bf4 Nf6 3.Nf3 g6 4.e3 Bg7 5.h3 O-O 6.Nbd2 c5 7.c3 b6 8.a4 Nc6 9.Be2 Nd7
10.Qb3 e5 11.Qxd5 exf4 12.Qxc6 fxe3 13.fxe3 Rb8 14.O-O Nf6 15.Rae1 Qe7 16.Bd3 Bb7
17.Qb5 Nh5 18.Qb3 Kh8 19.d5 Ng3 20.Rf2 f5 21.e4 fxe4 22.Nxe4 Nxe4 23.Rxe4 Qf7
24.Bc4 Rbd8 25.Rfe2 Bxd5 26.Bxd5 Rxd5 27.Re7 Qf5 28.Rxa7 Qd3 29.Qc2 c4 30.Rae7 Rxf3
31.gxf3 Qxf3 32.Qe4 Rg5+  0-1

[Event "Nakhchivan Open 2014"]
[Site "Nakhchivan AZE"]
[Date "2014.05.04"]
[Round "1.1"]
[White "Babaev,T"]
[Black "Korobov,A"]
[Result "0-1"]
[WhiteElo "2379"]
[BlackElo "2696"]

1.e4 c5 2.Nf3 d6 3.d4 cxd4 4.Nxd4 Nf6 5.Nc3 a6 6.Bg5 Nbd7 7.Bc4 Qb6 8.Qd2 Qxb2
9.Rb1 Qa3 10.O-O e6 11.Rfe1 h6 12.Bh4 Ne5 13.Bb3 g5 14.Bg3 Bd7 15.f4 gxf4
16.Bxf4 Rc8 17.h3 Rg8 18.Kh1 b5 19.Re3 Qc5 20.Rf1 Nh5 21.Bh2 Be7 22.Qd1 Nf6
23.Bg1 Nc4 24.Bxc4 Qxc4 25.Ref3 Rg6 26.Qe1 b4 27.Nd1 a5 28.a3 bxa3 29.Rxa3 Nxe4
30.Rxf7 Kxf7 31.Qxe4 Bc6 32.Rf3+ Bf6 33.Rxf6+ Kxf6 34.Qf4+ Kg7 35.Ne3 Qb4
36.c3 Qb7 37.Qxd6 Bxg2+ 38.Kh2 Bd5 39.Qe5+ Kh7  0-1

[Event "Nakhchivan Open 2014"]
[Site "Nakhchivan AZE"]
[Date "2014.05.05"]
[Round "2.1"]
[White "Korobov,A"]
[Black "Rasulov,Vu"]
[Result "1-0"]
[WhiteElo "2696"]
[BlackElo "2512"]

1.d4 Nf6 2.c4 g6 3.Nc3 Bg7 4.Nf3 d6 5.Bf4 O-O 6.h3 c6 7.e3 a6 8.Be2 b5 9.O-O Nbd7
10.a3 bxc4 11.Bxc4 c5 12.Rc1 Bb7 13.d5 Nb6 14.Ba2 a5 15.e4 Nh5 16.Bg5 h6
17.Be3 Ba6 18.Re1 Nc4 19.Bxc4 Bxc4 20.e5 f5 21.Nh4 Kh7 22.g4 e6 23.Ng2 f4
24.gxh5 fxe3 25.hxg6+ Kh8 26.Rxe3 dxe5 27.d6 Rb8 28.Qd2 Bd5 29.Ne4 c4 30.h4 Rf4
31.Qe2 Rf5 32.Rxc4 Bxc4 33.Qxc4 Rxb2 34.Rd3 Qf8 35.Kh2 Rb8 36.d7 Rd8 37.Qxe6 Rxf2
38.Nxf2 Qxf2 39.Rc3 Qf6 40.Qe8+ Qf8 41.Rc8  1-0

[Event "Nakhchivan Open 2014"]
[Site "Nakhchivan AZE"]
[Date "2014.05.06"]
[Round "3.1"]
[White "Shanava,K"]
[Black "Korobov,A"]
[Result "1/2-1/2"]
[WhiteElo "2551"]
[BlackElo "2696"]

1.e4 c5 2.Nf3 d6 3.d4 cxd4 4.Nxd4 Nf6 5.Nc3 a6 6.Be2 Nbd7 7.O-O g6 8.Re1 Bg7
9.h3 b6 10.Nc6 Qc7 11.Nb4 Bb7 12.Nbd5 Qd8 13.Bg5 O-O 14.Qd2 Rc8 15.a4 Re8
16.Rab1 Nxd5 17.Nxd5 Nf6 18.Bf3 Nxd5 19.exd5 Qc7 20.c3 e5 21.dxe6 Bxf3 22.exf7+ Qxf7
23.gxf3 Qxf3 24.Qxd6 Qxh3 25.Bf4 Qf5 26.Bg3 h5 27.Rbd1 Kh7 28.Qf4 Qc2 29.Kh2 Rxe1
30.Rxe1 Rf8 31.Qe4 Qxb2 32.Rb1 Rxf2+ 33.Bxf2 Qxf2+ 34.Kh1 Bxc3 35.Rg1 Qf6
36.Rg3 Be5 37.Rf3 Qg5 38.Re3 Bf6 39.Rd3 Qc1+ 40.Kg2 Qc2+ 41.Kf1 Bg7 42.Re3 Qd1+
43.Re1 Qd7 44.Ke2 b5 45.Rd1 Qc7 46.axb5 axb5 47.Rd5 Qc4+ 48.Kf3 Qxe4+ 49.Kxe4 b4
50.Rb5 Bc3 51.Rb7+ Kh6 52.Rb5 Kg7 53.Rb6 Kf7 54.Kf4 Bd2+ 55.Ke4 h4 56.Kf3 g5
57.Rd6 Bc3 58.Rc6 Bf6 59.Rb6 Be7 60.Kg4 Ke8 61.Rb7 Kd8 62.Kf5 Bd6 63.Ke6 Kc8
64.Rb5 h3 65.Kxd6 h2 66.Rc5+ Kb8 67.Rb5+  1/2-1/2

[Event "Nakhchivan Open 2014"]
[Site "Nakhchivan AZE"]
[Date "2014.05.08"]
[Round "5.2"]
[White "Paichadze,L"]
[Black "Korobov,A"]
[Result "1/2-1/2"]
[WhiteElo "2535"]
[BlackElo "2696"]

1.e4 c5 2.Nf3 d6 3.d4 cxd4 4.Qxd4 Nc6 5.Bb5 Bd7 6.Qd3 g6 7.O-O Bg7 8.c4 Nf6
9.h3 O-O 10.Nc3 a6 11.Bxc6 Bxc6 12.Be3 Nd7 13.Rfd1 f5 14.Ng5 Ne5 15.Qe2 f4
16.Bxf4 Qd7 17.Bxe5 Bxe5 18.c5 Bf6 19.Qc4+ Kh8 20.Ne6 Rfc8 21.Qb3 g5 22.e5 Bxe5
23.Nxg5 Rf8 24.Nf7+ Rxf7 25.Qxf7 Rg8 26.Nd5 dxc5 27.f3 Rg7 28.Qf8+ Rg8 29.Qf7 Rg7
30.Qf8+ Rg8 31.Qxe7 Qf5 32.Ne3 Qf4 33.Ng4 Rxg4 34.hxg4 Qh2+ 35.Kf2 Qg3+ 36.Kg1 Qh2+
37.Kf2  1/2-1/2

[Event "Nakhchivan Open 2014"]
[Site "Nakhchivan AZE"]
[Date "2014.05.09"]
[Round "6.4"]
[White "Korobov,A"]
[Black "Abdulov,Or"]
[Result "1/2-1/2"]
[WhiteElo "2696"]
[BlackElo "2336"]

1.d4 d5 2.c4 c6 3.Nc3 Nf6 4.Nf3 dxc4 5.a4 Bf5 6.e3 e6 7.Bxc4 Be7 8.O-O O-O
9.Qe2 c5 10.Rd1 Nc6 11.dxc5 Qc8 12.Nd4 Bg6 13.Nxc6 Qxc6 14.b4 a5 15.b5 Qc8
16.Bb2 Bxc5 17.Bd3 Bh5 18.f3 Bb6 19.Kh1 Rd8 20.Rac1 Qb8 21.Ne4 Nd5 22.Ng3 Bg6
23.Bxg6 hxg6 24.Bd4 Qa7 25.Rc4  1/2-1/2

[Event "Nakhchivan Open 2014"]
[Site "Nakhchivan AZE"]
[Date "2014.05.11"]
[Round "8.9"]
[White "Korobov,A"]
[Black "Guliev,L"]
[Result "1-0"]
[WhiteElo "2696"]
[BlackElo "2386"]

1.d4 Nf6 2.c4 e6 3.Nf3 Bb4+ 4.Nbd2 O-O 5.a3 Bxd2+ 6.Qxd2 b6 7.e3 Bb7 8.Be2 d6
9.b4 Nbd7 10.Bb2 Qe7 11.O-O a5 12.Qc2 Be4 13.Qc3 c6 14.Nd2 Bg6 15.Rfc1 Rfc8
16.f3 d5 17.c5 axb4 18.axb4 bxc5 19.dxc5 e5 20.Rxa8 Rxa8 21.Nb3 d4 22.exd4 Nd5
23.Qd2 e4 24.fxe4 Bxe4 25.Re1 f5 26.Na5 Qf6 27.b5 Qg6 28.Bf1 cxb5 29.Nb7 N7f6
30.Nd6 Qg4 31.c6 b4 32.Bc4 Kf8 33.c7 Bxg2 34.Qxg2 Nxc7 35.Qxg4 fxg4 36.Rf1 Rd8
37.Nf7 Rc8 38.Ne5 Ke7 39.Nc6+ Kd7 40.Nxb4 Rb8 41.Nd3 h5 42.Ba3  1-0

[Event "FIDE World Rapid 2014"]
[Site "Dubai UAE"]
[Date "2014.06.16"]
[Round "5.35"]
[White "Al Sayed,Mohamad"]
[Black "Korobov,A"]
[Result "1-0"]
[WhiteElo "2505"]
[BlackElo "2680"]

1.d4 Nf6 2.c4 e6 3.Nf3 d5 4.Nc3 c6 5.e3 Nbd7 6.Bd3 dxc4 7.Bxc4 b5 8.Bd3 Bb7
9.O-O a6 10.e4 c5 11.d5 c4 12.Bc2 e5 13.Ne2 Rc8 14.Ng3 g6 15.Bg5 Bg7 16.Qc1 O-O
17.Bh6 Ne8 18.h4 Nd6 19.h5 b4 20.Qe3 a5 21.b3 cxb3 22.Bxb3 Rc3 23.Qd2 Qe7
24.Rfc1 Rfc8 25.Bxg7 Kxg7 26.h6+ Kg8 27.Rxc3 bxc3 28.Qe3 Nf6 29.Qg5 Kf8 30.Nxe5 Nxd5
31.Qxe7+ Nxe7 32.Nd7+ Kg8 33.Nf6+ Kh8 34.Rd1 a4 35.Bxa4 Bc6 36.Bb3 Nb5 37.Ne2 Ng8
38.Nxg8 Kxg8 39.a4 c2 40.Bxc2 Na3 41.Bb3 Bxe4 42.Rd7 Rf8 43.Nc3 Bf5 44.Rc7 Be6
45.Bxe6 fxe6 46.a5 Ra8 47.Ne4  1-0

[Event "FIDE World Rapid 2014"]
[Site "Dubai UAE"]
[Date "2014.06.17"]
[Round "7.38"]
[White "Andriasian,Z"]
[Black "Korobov,A"]
[Result "1-0"]
[WhiteElo "2611"]
[BlackElo "2680"]

1.Nf3 Nf6 2.c4 e6 3.g3 d5 4.Bg2 d4 5.O-O c5 6.b4 cxb4 7.a3 Nc6 8.d3 a5 9.Nbd2 e5
10.axb4 Bxb4 11.Ba3 Bxa3 12.Rxa3 O-O 13.Qa1 Nb4 14.Rc1 Re8 15.Nb3 Nc6 16.Nfd2 Bg4
17.Bxc6 bxc6 18.f3 Bh3 19.Rxa5 Rb8 20.Nc5 Nh5 21.Nce4 Bf5 22.c5 Bxe4 23.Nxe4 Nf6
24.Nd6 Rf8 25.Ra6 Nd5 26.Rb1 Rxb1+ 27.Qxb1 Nc3 28.Qc2 Qd7 29.Ne4 Nd5 30.Qa4 Qb7
31.Kf2 Ne3 32.Rb6 Qd7 33.g4 Qe7 34.g5 Qd7 35.Qa1 Kh8 36.Ra6 Qc8 37.Ra7 h6
38.Qg1 Qh3 39.gxh6 Qxh6 40.Ng5 Kg8 41.h3 Nd5 42.Qg4 Nf4 43.h4 f5 44.Qg3 Rb8
45.Rd7 Qf6 46.Nh3 Nd5 47.Qg5 Ne3 48.Rd6 Qf7 49.Rd8+ Rxd8 50.Qxd8+ Qf8 51.Qd7 Qxc5
52.Ng5 Qf8 53.Ne6 Nd1+ 54.Kg1  1-0

[Event "FIDE World Rapid 2014"]
[Site "Dubai UAE"]
[Date "2014.06.17"]
[Round "8.46"]
[White "Korobov,A"]
[Black "Moradiabadi,E"]
[Result "0-1"]
[WhiteElo "2680"]
[BlackElo "2586"]

1.d4 Nf6 2.c4 e6 3.Nc3 Bb4 4.f3 d5 5.a3 Bd6 6.e4 c5 7.cxd5 cxd4 8.Qxd4 exd5
9.exd5 O-O 10.Nge2 Re8 11.Bg5 Be5 12.Qd2 Nbd7 13.Rd1 h6 14.Bf4 Qb6 15.g3 g5
16.Bxg5 hxg5 17.Qxg5+ Kh8 18.Qh6+ Nh7 19.Qxb6 Nxb6 20.Kf2 Nc4 21.b3 Nxa3
22.Bg2 Bd7 23.f4 Bc7 24.Be4 Nf6 25.Bd3 b5 26.h3 b4 27.Na4 Bxa4 28.bxa4 Bb6+
29.Kf3 Re3+ 30.Kg2 Nxd5 31.Rhf1 Rxe2+ 32.Bxe2 Ne3+ 33.Kf3 Nxf1 34.Bxf1 Rd8
35.Ra1 Rd2 36.h4 Bd4 37.Re1 b3 38.Bh3 Rf2+ 39.Ke4 Bc3  0-1